All Theatrical Marvel Movies (Non-MCU) - Statistics

General Stats
  • This quiz has been taken 114 times
  • The average score is 26 of 34
Answer Stats
Hint Answer % Correct
2000 X-Men
96%
2012 Amazing Spider-Man
94%
2002 Spider-Man
93%
2014 Amazing Spider-Man 2
89%
2004 Spider-Man 2
88%
2007 Spider-Man 3
86%
2016 Deadpool
83%
1998 Blade
82%
2018 Deadpool 2
82%
2005 Fantastic Four
82%
2015 Fantastic Four
82%
2016 X-Men: Apocalypse
81%
2014 X-Men: Days Of Future Past
81%
2011 X-Men: First Class
81%
2009 X-Men Origins: Wolverine
81%
2003 X-2: X-Men United
80%
2002 Blade II
79%
2003 Daredevil
79%
2013 The Wolverine
79%
2006 X-Men: The Last Stand
79%
2004 Blade: Trinity
77%
2003 Hulk
75%
2019 X-Men: Dark Phoenix
75%
2005 Elektra
74%
2017 Logan
74%
2018 Venom
71%
2004 The Punisher
69%
2007 Fantastic Four: Rise Of The Silver Surfer
68%
2008 Punisher: War Zone
67%
2020 The New Mutants
67%
2007 Ghostrider
65%
2012 Ghostrider: Spirit Of Vengeance
62%
2018 Spider-Man Into The Spider-Verse
45%
2014 Big Hero Six
36%
No matching quizzes found
Score Distribution
Percent of People with Each Score
Percentile by Number Answered
Your Score History
You have not taken this quiz